000 00732nam a22002537a 4500
005 20170124110229.0
010 _aB-059476
020 _a9788171771325
_c315.00
035 _aB-059476
037 _bCen Lib/Ret
040 _aDPL
_bEN
082 _a346.54048
_bNAR
100 _aNarayanan, P.
_9112597
245 _aIntellectual property law /
_cby P. Narayanan
246 _b
250 _a3rd ed
260 _bEastern Law House
_c2001
_aKolkata
270 _bKolkata
_a54 Ganesh Chunder Avenue
_e700013
300 _a631p.
_c21cm(pbk)
500 _aIncludes index
650 _aIntellectual property -- India
_9112598
650 _aIntellectual property
_9112599
942 _2ddc
_cEN
_h346.54048
_mNAR
999 _c134574
_d134574